The new charismatics II / (Record no. 118588)
[ view plain ]
| 000 -LEADER | |
|---|---|
| fixed length control field | 00850cam a22003018a 4500 |
| 001 - CONTROL NUMBER | |
| control field | 4466944 |
| 003 - CONTROL NUMBER IDENTIFIER | |
| control field | ARRUPE |
| 005 - DATE AND TIME OF LATEST TRANSACTION | |
| control field | 20131111113357.0 |
| 008 - FIXED-LENGTH DATA ELEMENTS--GENERAL INFORMATION | |
| fixed length control field | 820909s1983 cau b 001 0 eng |
| 010 ## - LIBRARY OF CONGRESS CONTROL NUMBER | |
| LC control number | 82048417 |
| 020 ## - INTERNATIONAL STANDARD BOOK NUMBER | |
| International Standard Book Number | 0060667230 |
| 035 ## - SYSTEM CONTROL NUMBER | |
| System control number | (OCoLC)8805671 |
| 035 ## - SYSTEM CONTROL NUMBER | |
| System control number | (OCoLC)ocm08805671 |
| 035 ## - SYSTEM CONTROL NUMBER | |
| System control number | (NNC)4466944 |
| 040 ## - CATALOGING SOURCE | |
| Original cataloging agency | DLC |
| Transcribing agency | DLC |
| Modifying agency | NNUT |
| -- | CStRLIN |
| 050 0# - LIBRARY OF CONGRESS CALL NUMBER | |
| Classification number | BR1644 |
| Item number | .Q43 1983 |
| 090 ## - LOCALLY ASSIGNED LC-TYPE CALL NUMBER (OCLC); LOCAL CALL NUMBER (OCLC) | |
| Classification number (OCLC) (R) ; Classification number, CALL (RLIN) (NR) | BR1644 |
| Local cutter number (OCLC) ; Book number/undivided call number, CALL (RLIN) | .Q43 1983 |
| 100 1# - MAIN ENTRY--PERSONAL NAME | |
| Personal name | Quebedeaux, Richard. |
| 9 (RLIN) | 3508 |
| 245 14 - TITLE STATEMENT | |
| Title | The new charismatics II / |
| Statement of responsibility, etc | Richard Quebedeaux. |
| 250 ## - EDITION STATEMENT | |
| Edition statement | Rev. ed., 1st Harper & Row ed. |
| 260 ## - PUBLICATION, DISTRIBUTION, ETC. (IMPRINT) | |
| Place of publication, distribution, etc | San Francisco : |
| Name of publisher, distributor, etc | Harper & Row, |
| Date of publication, distribution, etc | c1983. |
| 300 ## - PHYSICAL DESCRIPTION | |
| Extent | xv, 272 p. ; 20 cm. |
| 500 ## - GENERAL NOTE | |
| General note | Includes index. |
| 504 ## - BIBLIOGRAPHY, ETC. NOTE | |
| Bibliography, etc | Bibliography: p. 241-256. |
| 650 #0 - SUBJECT ADDED ENTRY--TOPICAL TERM | |
| Topical term or geographic name as entry element | Pentecostalism |
| General subdivision | History. |
| 9 (RLIN) | 3509 |
| 942 ## - ADDED ENTRY ELEMENTS (KOHA) | |
| Source of classification or shelving scheme | Library of Congress Classification |
| Koha item type | Monograph ( Printed materials) |
| Withdrawn status | Lost status | Source of classification or shelving scheme | Damaged status | Not for loan | Collection code | Home library | Current library | Shelving location | Date acquired | Total Checkouts | Full call number | Barcode | Date last seen | Price effective from | Koha item type |
|---|---|---|---|---|---|---|---|---|---|---|---|---|---|---|---|
| Library of Congress Classification | Main Collection | ARRUPE LIBRARY | ARRUPE LIBRARY | Main Collection | 11/11/2013 | BR1644 .Q43 1983 | 46410529 | 15/11/2016 | 11/11/2013 | Monograph ( Printed materials) |